| 000 | 00910nam a2200289 i 4500 | ||
|---|---|---|---|
| 003 | EG-GICUC | ||
| 005 | 20260423073936.0 | ||
| 008 | 260423s1973 fr a|||fr|||| 001 0 eng d | ||
| 040 |
_aEG-GiCUC _bfre _cEG-GiCUC _dEG-GiCUC _eRda |
||
| 041 | 0 | _afre | |
| 082 | 0 | 4 |
_221 _a343 _bSA . D |
| 092 | 0 | 4 | _221 |
| 099 | _aLaw1 10 343 SA . D 1973 | ||
| 100 | 1 |
_aSaint-jours, Yves _eAuteur |
|
| 245 | 1 | 3 |
_aLe Droit Pénal De La Sécurité Sociale: _cYves Saint-jours. |
| 264 | 1 |
_aparis: _bPresses Universitaires De France, _c1973. |
|
| 300 |
_a137 page : _billustration ; _c 24 cm. |
||
| 336 |
_2rda contenu _a texte |
||
| 337 |
_2rda medias _aOrdinateur |
||
| 338 |
_2 transporteur rda _a Ressource en ligne |
||
| 500 | _aComprend un index. | ||
| 650 | 1 |
_aDroit pénal _2qrmak |
|
| 651 | 1 | _2qrmak | |
| 856 | 4 | 0 | _uhttps://fll.law.cu.edu.eg/fulltext/bks/B10-10846.pdf |
| 905 | _a158 | ||
| 942 |
_2ddc _n0 _cBK _e21 |
||
| 999 |
_c72942 _d72942 |
||